Miasta w Polsce według obrazu satelitarnego #2 - Statystyki

Ogólne statystyki
  • Ten quiz został rozwiązany 20 razy
  • Średni wynik to 7 z 12
Statystyki odpowiedzi
Obrazkowy Odpowiedź % Poprawnych
Zakopane
100%
Sopot
95%
Świnoujście
90%
Toruń
80%
Kołobrzeg
70%
Płock
60%
Rzeszów
50%
Olsztyn
45%
Gorzów Wielkopolski
40%
Radom
40%
Dąbrowa Górnicza
35%
Opole
35%
Nie znaleziono quizów pasujących do podanych kryteriów
Rozkład punktacji
Procent ludzi z każdym wynikiem
Percentyl według liczby udzielonych odpowiedzi
Twoja historia wyników
Nie rozwiązałeś tego quizu